| 000 | 00778cam a2200229 4500 | ||
|---|---|---|---|
| 001 | WB3608-21 | ||
| 008 | 000000n2000 000 0 eng u | ||
| 035 | _a(Sirsi) u104353 | ||
| 245 | _aFirms rush to build e-links | ||
| 260 | _c2000 | ||
| 490 |
_aEstates Gazette _v(0007) 19 February 2000, 38(1) |
||
| 520 | _aInsignia, the parent firm of Richard Ellis, CB Richard Ellis (CBRE), and Jones Lang LaSalle are are in competition to sign up with e-commerce partners. Lists Insignia and CBRE results for last year to December 1999. | ||
| 590 | _aWB | ||
| 650 | _aE-COMMERCE | ||
| 650 | _aJONES LANG LASALLE | ||
| 650 | _aINSIGNIA | ||
| 650 | _aCBRE | ||
| 650 | _aPARTNERSHIPS | ||
| 650 | _aSURVEYING FIRMS | ||
| 690 | _aINFORMATION TECHNOLOGY-INTERNET | ||
| 942 | _n0 | ||
| 999 |
_c62602 _d62602 |
||